000 00534cas a22001694i 4500
999 _c59773
_d59773
001 768714001
003 CO-MdFUSB
005 20180413164716.0
008 180413s2005 cr ||||| |||| 00| 0 spa d
040 _aCO-MdFUSB
_bspa
_cCO-MdFUSB
_dCO-MdFUSB
041 _aspa
100 1 _aSimpson, Charles
_eautor
245 1 0 _aCuando Dios envía
300 _aVolumen 6. Número 16 (2005), páginas 242-243
_c: 28 cm.
773 0 _tConquista Cristiana
_049446
_960361
_gVolumen 6. Número 16 (2005), páginas 242-243
_qpágina 242
942 _cANA